• 首页
  • 本馆介绍
  • 公告通知
  • 最新文献
  • 馆藏检索
  • 电子资源
  • 读者导购
  • 参考咨询
  • 我的图书馆
  • 登录
  • 期刊详细显示
  • 现刊情况显示
  • 合订本情况显示
  • 篇目信息显示

期刊信息

  • 表格格式
  • 工作单格式
  • 卡片格式
索取号 
H31/ELTJ
题名 
ELT Journal
作者 
世界图书出版公司
分册号 
分册名 
出版地 
北京
出版者 
世界图书出版公司
标准刊号 
出版频率 
月刊
中图法分类 
H31
主题词 
英语
电子资源 
000 00467nas0 2200169 45
001 0734230047
005 20160510111137.33
100    @a20070904d km y0chiy0120 ea
101 0  @aeng
200 1  @aELT Journal@f世界图书出版公司@FShi Jie Tu Shu Chu Ban Gong Si
210    @a北京@c世界图书出版公司
326    @a月刊
606 0  @a英语
690    @aH31@v4
711 02 @a世界图书出版公司@AShi Jie Tu Shu Chu Ban Gong Si
801  0 @aCN@bPFT@c20070904
905    @a213230@dH31@eELTJ
    
    ELT Journal/世界图书出版公司.-北京:世界图书出版公司
    
    
    
    
    
●
相关链接: 在易读查询期刊 在中国知网中查询期刊 在万方数据查询期刊 在维普查询期刊
唐山师范学院图书馆 欢迎您!
大连网信软件有限公司© 版权所有